Bài giảng kỹ thuật nuôi thức ăn tự nhiên

Bài giảng giới thiệu vai trò của thức ăn tự nhiên trong nuôi trồng thủy sản, sinh học và kỹ thuật nuôi vi tảo, sinh học và kỹ thuật nuôi luân trùng, sinh học và kỹ thuật nuôi Artemia, Moina và Daphnia, sinh học và kỹ thuật nuôi trùng chỉ, giun nhiều...

Full description

Saved in:
Bibliographic Details
Main Author: Trần, Ngọc Hải
Format: Book
Language:Undetermined
Published: Cần Thơ Trường Đại học Cần Thơ 2000
Subjects:
Tags: Add Tag
No Tags, Be the first to tag this record!
Institutions: Trung tâm Học liệu Trường Đại học Cần Thơ
LEADER 00990nam a2200205Ia 4500
001 CTU_38476
008 210402s9999 xx 000 0 und d
082 |a 639.3 
082 |b H103 
100 |a Trần, Ngọc Hải 
245 0 |a Bài giảng kỹ thuật nuôi thức ăn tự nhiên 
245 0 |c Trần Ngọc Hải, Trần Thị Thanh Hiền 
260 |a Cần Thơ 
260 |b Trường Đại học Cần Thơ 
260 |c 2000 
520 |a Bài giảng giới thiệu vai trò của thức ăn tự nhiên trong nuôi trồng thủy sản, sinh học và kỹ thuật nuôi vi tảo, sinh học và kỹ thuật nuôi luân trùng, sinh học và kỹ thuật nuôi Artemia, Moina và Daphnia, sinh học và kỹ thuật nuôi trùng chỉ, giun nhiều tơ, giun đất. 
650 |a Aquaculture,Fish 
650 |x Culture 
904 |i Minh 
980 |a Trung tâm Học liệu Trường Đại học Cần Thơ